00705nam a2200217 a 450000100100000000500170001000800410002702000150006804000250008308200220010810000170013024501010014725000110024826000350025930000360029449000300033050000420036070000160040270000390041883000300045700002526720200930023654.0110211s1976 sp ac r 000 0 spa d a8423953114 aDO-SdBNPbspacBNPHU aNNNbM9391R, 19761 aRémy, Yves10aMozart /cYves Rémy, Ada Rémy ; traducción del francés por Felipe Ximénez de Sandoval. a2a ed. aMadrid :bEspasa-Calpe,c1976. a131 p. :bil., retrs. ;c18 cm.1 aClásicos de la música aIncluye notas al pie de las páginas1 aRémy, Ada1 aXiménez de Sandoval, Felipeetr. 0aClásicos de la música